000
00489nam a2200145Ia 4500
008
100204s9999 xx 000 0 und d
082
_b
3236
100
_a
बेडेकर विश्राम
245
_a
टिळक आणि आगरकर
260
_b
"पॉप्युलर प्रकाशन , मुंबई"
_c
1980
300
_a
103
630
_a
टिळक आणि आगरकर
730
_a
टिळक आणि आगरकर
942
_c
BOOK
999
_c
448205
_d
448202